| 000 | 00551nam a2200205Ia 4500 | ||
|---|---|---|---|
| 005 | 20250923145152.0 | ||
| 008 | 008 250917s9999 xx 000 0 eng d | ||
| 037 | _aTextual | ||
| 040 |
_aDSWL _beng _cDSWL |
||
| 041 |
_aeng _2eng |
||
| 084 | _qDSWL | ||
| 100 |
_aBerne, Eric _9832472 |
||
| 245 | 0 |
_aLayman's Guide to Psychiatry & Psychiatry -analysis _cby Eric Berne |
|
| 260 |
_aBombay _bAndre Deutsch _c1947 |
||
| 300 | _a378p. | ||
| 365 |
_aINR _b22.50 |
||
| 925 | _g22.50 | ||
| 942 | _cTEXL | ||
| 999 |
_c1447994 _d1447994 |
||